Mendizábal

Saved in:
Bibliographic Details
Main Author: Pérez Galdós, Benito (Author)
Format: Book
Language:Spanish
Published: Madrid Sucesores de Hernando 1916
Series:Episodios Nacionales
Subjects:
Tags: Add Tag
No Tags, Be the first to tag this record!

MARC

LEADER 00000nam a2200000 a 4500
001 UCZ6376
003 CL-VaPUC
008 951211e19160000SP |||||||||||||||||spa|d
082 0 4 |a 863  |b PER  |2 21 
100 0 |a Pérez Galdós, Benito  |e author  |9 318144 
245 1 0 |a Mendizábal 
300 |a 358 p 
942 |c BK 
945 |d 19951211 00:00:00  |a rleighto 
260 |a Madrid  |b Sucesores de Hernando  |c 1916 
650 0 |a Novelas españolas  |9 265052 
583 |a last modification  |c 19951211 00:00:00  |k Rodrigo Vera 
490 0 |a Episodios Nacionales 
999 |c 242584  |d 242582